| 000 | 00971nam a22002055i 4500 | ||
|---|---|---|---|
| 001 | 159940 | ||
| 003 | ES-MaACL | ||
| 005 | 20230906211902.0 | ||
| 008 | 040914s1884 it f |||| | fre d | ||
| 100 | 1 |
_aMonaco, Domenico. _9130042 |
|
| 245 | 1 | 0 |
_aGuide général du Musée National de Naples _b: suivant la nouvelle numération d'après le dernier classement, avec plan du musée et une description historique sur Pompéi et Herculanum / _cpar Domenico Monaco ; soigneusemente revu par Edouard Montagne. |
| 250 | _a4e éd. | ||
| 260 |
_aNaples : _b[s.n.], _c1884 ( _fImp. de l'Indicateur Général du Commerce) |
||
| 300 |
_aIX, 272 p., [2] h. de planos pleg. ; _c17 cm. |
||
| 610 | 2 | 4 |
_aMuseo Arqueológico Nacional de Nápoles- _vGuías. _9134700 |
| 651 | 4 |
_aPompeya (Ciudad desaparecida) _9149648 |
|
| 651 |
_aHerculano (Ciudad desaparecida) _9163498 |
||
| 700 | 1 |
_aMontagne, Edouard. _9130073 |
|
| 852 |
_aES-MaACL _jD-1865 _z- Enc. hol., conservando cub. original |
||
| 999 |
_c159940 _d159940 |
||